Escudos dos Clubes da Série C do Campeonato Brasileiro - Statistics

Estatísticas Gerais
  • Esse quiz foi jogado 349 vezes
    234 desde o último reset
  • A pontuação média é 18 de 20
Estatísticas das Respostas
Imagem Resposta % Correto
Botafogo - PB
100%
Náutico
100%
Figueirense
99%
Londrina
98%
Ponte Preta
98%
CSA
97%
ABC
96%
Brusque
96%
Ituano
96%
Caxias
95%
Guarani
90%
Maringá
89%
Tombense
89%
São Bernardo
86%
Floresta
84%
Retrô
84%
São José
84%
Ypiranga
80%
Confiança
68%
Itabaiana
60%
Nenhum quiz correspondente encontrado
Distribuição das Pontuações
Porcentagem de Pessoas com Cada Pontuação
Percentil de Números Respondidos
Sua Pontuação Histórica
Você não jogou esse quiz desde o último reset